Heating, ventilating, air conditioning and refrigeration (Record no. 105830)

MARC details
000 -LEADER
fixed length control field 01064cam a2200265 4500
001 - CONTROL NUMBER
control field ##L134882
008 - FIXED-LENGTH DATA ELEMENTS--GENERAL INFORMATION
fixed length control field 060907n2005 000 0 eng u
020 ## - INTERNATIONAL STANDARD BOOK NUMBER
International Standard Book Number 1903287588
035 ## - SYSTEM CONTROL NUMBER
System control number (Sirsi) u134882
041 0# - LANGUAGE CODE
Language code of text/sound track or separate title eng
050 04 - LIBRARY OF CONGRESS CALL NUMBER
Classification number 697 $2 18
110 2# - MAIN ENTRY--CORPORATE NAME
Corporate name or jurisdiction name as entry element Chartered Institution of Building Services Engineers
9 (RLIN) 2360
245 00 - TITLE STATEMENT
Title Heating, ventilating, air conditioning and refrigeration
Remainder of title CIBSE guide B
260 ## - PUBLICATION, DISTRIBUTION, ETC.
Place of publication, distribution, etc. London
Name of publisher, distributor, etc. CIBSE
Date of publication, distribution, etc. 2005
300 ## - PHYSICAL DESCRIPTION
Extent 1v.
Other physical details ill.
Dimensions 30cm.
350 ## - PRICE (NR) (BK AM CF MU VM SE) [OBSOLETE]
Price 96
490 #0 - SERIES STATEMENT
Series statement CIBSE Guide
Volume/sequential designation B
505 2# - FORMATTED CONTENTS NOTE
Formatted contents note Heating -- Ventilation and air conditioning -- Ductwork -- Refrigeration and heat rejection -- Noise and vibration control for HVAC
520 ## - SUMMARY, ETC.
Summary, etc. Offers guidance for those involved in selecting and designing heating systems. Includes information on legal requirements and environmental targets.
590 ## - LOCAL NOTE (RLIN)
Local note IKA171006
651 #4 - SUBJECT ADDED ENTRY--GEOGRAPHIC NAME
Geographic name United Kingdom
Chronological subdivision
690 ## - LOCAL SUBJECT ADDED ENTRY--TOPICAL TERM (OCLC, RLIN)
Topical term or geographic name as entry element BUILT ENVIRONMENT-BUILDING SERVICES-BUILDING SERVICES ENGINEERING-HEATING AND VENTILATION ENGINEERING
700 1# - ADDED ENTRY--PERSONAL NAME
Personal name Butcher, Ken
Relator term Editor
942 ## - ADDED ENTRY ELEMENTS (KOHA)
Suppress in OPAC 0
Holdings
Withdrawn status Lost status Source of classification or shelving scheme Damaged status Not for loan Home library Current library Shelving location Date acquired Cost, normal purchase price Total Checkouts Full call number Barcode Date last seen Date last checked out Copy number Cost, replacement price Price effective from Koha item type
    Dewey Decimal Classification     London London Folio 02/10/2006 96.00 9 F697 CHA 30073313 06/08/2019 23/02/2009 1 96.00 06/08/2019 Book